000 00284nam a22001337a 4500
008 180822b xxu||||| |||| 00| 0 eng d
020 _a0700014535
041 _aeng
080 _a616
100 _a9
101 _aPAT
245 _aGENERAL PATHOLOGY
_cWALTER.J.B
942 _2udc
_cBK
999 _c47249
_d47249